00374 2200145 4500001002100000005001500021035002000036245007600056100002000132300001100152260003100163082000800194084001400202990001200216INLIS00000000000170520250430100945 a0010-04250001211 aDongeng Pengantar Tidur :bAsal Mula Candi Prambanan /cTira Ikranegara0 aTira Ikranegara a32 hlm aSukoharjo :bMedia Pustaka a813 a813 TIR d a0754635